Phương pháp tiếp cận mới về quy hoạch và quản lý đô thị

Tallennettuna:
Bibliografiset tiedot
Päätekijä: Nguyễn, Đăng Sơn
Yhteisötekijä: Viện Nghiên cứu đô thị và Phát triển hạ tầng (IUSID)
Aineistotyyppi: Kirja
Kieli:Undetermined
Julkaistu: Hà Nội Xây dựng 2006
Aiheet:
Tagit: Lisää tagi
Ei tageja, Lisää ensimmäinen tagi!
Thư viện lưu trữ: Trung tâm Học liệu Trường Đại học Cần Thơ
LEADER 00770nam a2200229Ia 4500
001 CTU_129282
008 210402s9999 xx 000 0 und d
020 |c 44000 
082 |a 711.4 
082 |b S464/T.2 
100 |a Nguyễn, Đăng Sơn 
110 |a Viện Nghiên cứu đô thị và Phát triển hạ tầng (IUSID) 
245 0 |a Phương pháp tiếp cận mới về quy hoạch và quản lý đô thị 
245 0 |c Nguyễn Đăng Sơn 
260 |a Hà Nội 
260 |b Xây dựng 
260 |c 2006 
526 |a Quản lý đô thị,Chính sách đô thị 
526 |b MT158,MTD610 
650 |a City planning 
904 |i Minh 
980 |a Trung tâm Học liệu Trường Đại học Cần Thơ